[Event "Challenge"]
[Site "http://www.queenalice.com/game.php?id=59790"]
[Date "2006.3.27"]
[Round "-"]
[White "cidrolin"]
[Black "william_Abreu"]
[Result "1-0"]
[WhiteElo "1446"]
[BlackElo "1033"]

1. Nc3 e5 2. e4 Bb4 3. Bc4 Nf6 4. Nf3 Ng4 5. d3 Qf6 6. Bg5 Qb6 7. O-O Bc5 8. Qd2
Be3 9. Bxe3 Qxb2 10. Nd5 Kd8 11. Qb4 Qxb4 12. Nxb4 Nc6 13. Rab1 a6 14. Bxf7 h6
15. Nd5 Rf8 16. Bh5 Nf6 17. Bg6 Ng4 18. Bf5 d6 19. Nh4 g5 20. Ng6 Rxf5 21. exf5
Nd4 22. f6 Nxe3 23. fxe3 Ne2+ 24. Kh1 b5 25. f7 Kd7 26. f8=Q Kc6 27. Nde7+ Kb6
28. Nxc8+ Ka5 29. Nxe5 dxe5 30. Qa3# 1-0

[Event "Let's Play Chess!"]
[Site "http://www.queenalice.com/game.php?id=60013"]
[Date "2006.3.28"]
[Round "-"]
[White "cidrolin"]
[Black "chesscole"]
[Result "1-0"]
[WhiteElo "1564"]
[BlackElo "1099"]

1. e4 e5 2. Nf3 Nc6 3. Bc4 Nf6 4. Nc3 Bc5 5. d3 O-O 6. Bg5 Nd4 7. Nd5 c6 8.
Nxf6+ gxf6 9. Bh6 Re8 10. Nxd4 Bxd4 11. Qh5 d5 12. Qf3 dxc4 13. Qg3+ 1-0

[Event "Let's Play Chess!"]
[Site "http://www.queenalice.com/game.php?id=60014"]
[Date "2006.3.29"]
[Round "-"]
[White "cidrolin"]
[Black "sniper2ss"]
[Result "0-1"]
[WhiteElo "1564"]
[BlackElo "1815"]

1. e4 d5 2. exd5 Qxd5 3. Nc3 Qd8 4. d4 a6 5. Bc4 Nf6 6. Bf4 b5 7. Qf3 c6 8.
Bxf7+ Kxf7 9. O-O-O Bg4 10. Qg3 Bxd1 11. Kxd1 Qxd4+ 12. Kc1 Nbd7 13. Nf3 Qc4 14.
Ne5+ Nxe5 15. Bxe5 Qg4 16. h3 Qxg3 17. fxg3 Nd5 18. Rf1+ Ke8 19. a4 Nxc3 20.
bxc3 e6 21. Re1 Ba3+ 22. Kb1 Bf8 23. Bd4 Kd7 24. g4 bxa4 25. h4 Rb8+ 26. Ka2 a3
27. Re5 Rb2+ 28. Ka1 Rxc2 29. Re1 c5 0-1

[Event "Let's Play Chess!"]
[Site "http://www.queenalice.com/game.php?id=60015"]
[Date "2006.3.29"]
[Round "-"]
[White "cidrolin"]
[Black "sniper2ss"]
[Result "0-1"]
[WhiteElo "1509"]
[BlackElo "1820"]

1. d4 d5 2. Bf4 e6 3. Nc3 Bd6 4. Nh3 Nf6 5. e3 Bb4 6. a3 Bxc3+ 7. bxc3 O-O 8.
Bd3 Nc6 9. O-O a6 10. Qf3 Re8 11. Qg3 Nh5 12. Qg4 Nxf4 13. exf4 e5 14. Bxh7+
Kxh7 15. Qh5+ Kg8 16. Ng5 Qf6 17. fxe5 Qg6 18. Qxg6 fxg6 19. Rfe1 Bf5 20. Re3
Bxc2 21. Rc1 Bf5 22. f3 Nd8 23. f4 Ne6 24. h3 Nxf4 25. g4 Bd3 26. Rd1 Bc4 27.
Kf2 Rf8 28. Kg3 Rae8 29. e6 Ne2+ 30. Kh2 Rf2+ 31. Kh1 Nf4 32. h4 Re2 33. Rf3
Nxe6 34. Nxe6 R2xe6 35. h5 gxh5 36. gxh5 Be2 0-1

[Event "Challenge"]
[Site "http://www.queenalice.com/game.php?id=60452"]
[Date "2006.3.30"]
[Round "-"]
[White "cidrolin"]
[Black "Marcelo_Araujo"]
[Result "0-1"]
[WhiteElo "1540"]
[BlackElo "1502"]

1. e4 e5 2. Bc4 Nf6 3. d3 Bc5 4. Nf3 Nc6 5. c3 h6 6. d4 Qe7 7. b3 O-O 8. Na3 Bb6
9. Nb5 exd4 10. cxd4 d5 11. Be2 dxe4 12. Nh4 Rd8 13. Be3 Bxd4 14. Nf5 Bxf5 15.
Bxd4 Nxd4 16. Nxd4 Qb4+ 17. Qd2 Qxd4 18. Qxd4 Rxd4 19. Rd1 Rad8 20. O-O Kh7 21.
h3 Rd2 22. g4 Be6 23. Bc4 Rxd1 0-1

[Event "Let's Play Chess!"]
[Site "http://www.queenalice.com/game.php?id=61543"]
[Date "2006.4.5"]
[Round "-"]
[White "NextFuture"]
[Black "cidrolin"]
[Result "1-0"]
[WhiteElo "1999"]
[BlackElo "1448"]

1. b3 e5 2. Bb2 Nc6 3. e3 Bc5 4. f4 d6 5. Nf3 Bf5 6. fxe5 dxe5 7. Bb5 Nh6 8. O-O
O-O 9. Bxc6 bxc6 10. Nxe5 Qg5 11. Qf3 g6 12. d4 Bd6 13. e4 f6 14. exf5 fxe5 15.
dxe5 Rxf5 16. Qe2 Bc5+ 17. Kh1 Rxf1+ 18. Qxf1 Rf8 19. Qc4+ Rf7 20. Nc3 Kg7 21.
Ne4 1-0

[Event "Let's Play Chess!"]
[Site "http://www.queenalice.com/game.php?id=61544"]
[Date "2006.4.5"]
[Round "-"]
[White "cidrolin"]
[Black "NextFuture"]
[Result "0-1"]
[WhiteElo "1446"]
[BlackElo "2001"]

1. d4 Nf6 2. Nc3 b6 3. Bf4 Bb7 4. Nf3 e6 5. e4 Nxe4 6. Nxe4 Bxe4 7. Bc4 Be7 8.
O-O O-O 9. c3 Nc6 10. Ng5 Bxg5 11. g3 Bxf4 12. gxf4 Qh4 13. f3 Bf5 14. d5 Ne7
15. Re1 Ng6 16. dxe6 dxe6 17. Qd4 Nxf4 18. Rad1 Qg5+ 19. Kf2 c5 20. Qd2 Nh3+ 21.
Ke2 Nf4+ 0-1

[Event "vamos jogar"]
[Site "http://www.queenalice.com/game.php?id=62328"]
[Date "2006.4.10"]
[Round "-"]
[White "TLT"]
[Black "cidrolin"]
[Result "1-0"]
[WhiteElo "1514"]
[BlackElo "1462"]

1. e4 e5 2. Nf3 Nc6 3. Bb5 Nf6 4. O-O a6 5. Ba4 b5 6. Bb3 Bc5 7. c3 d6 8. d4
exd4 9. cxd4 Bb6 10. Nc3 Bg4 11. Be3 d5 12. exd5 Nb4 13. Re1 O-O 14. h3 Bxf3 15.
Qxf3 Re8 16. Bg5 Bxd4 17. Rad1 Rxe1+ 18. Rxe1 Bxc3 19. bxc3 Qd6 20. cxb4 Re8 21.
Rxe8+ Nxe8 22. a3 Nf6 23. Bxf6 1-0

[Event "Let's Play Chess!"]
[Site "http://www.queenalice.com/game.php?id=62336"]
[Date "2006.4.11"]
[Round "-"]
[White "cidrolin"]
[Black "li2carpio"]
[Result "0-1"]
[WhiteElo "1551"]
[BlackElo "1810"]

1. e4 d5 2. exd5 Nf6 3. Bc4 g6 4. Qf3 Bg7 5. Nc3 Bg4 6. Qd3 O-O 7. Nf3 Nbd7 8.
h3 Bxf3 9. gxf3 e6 10. dxe6 Re8 11. b3 Nc5 12. Qe3 Nxe6 13. Kf1 Nd4 14. Qg5 Re1+
15. Kxe1 Nxf3+ 16. Kf1 Nxg5 17. d3 Nf3 18. Bb2 Nh5 19. Bd5 Bxc3 0-1

[Event "Let's Play Chess!"]
[Site "http://www.queenalice.com/game.php?id=62919"]
[Date "2006.4.14"]
[Round "-"]
[White "jfox"]
[Black "cidrolin"]
[Result "1-0"]
[WhiteElo "1504"]
[BlackElo "1427"]

1. Nf3 Nc6 2. Nc3 e5 3. d4 f6 4. dxe5 fxe5 5. Bg5 Be7 6. Qd2 h6 7. Bxe7 Qxe7 8.
Nd5 Qd6 9. O-O-O Nf6 10. Nxf6+ Qxf6 11. e4 d6 12. Bc4 Be6 13. Bxe6 Qxe6 14. Qd5
Qxd5 15. exd5 Na5 16. h3 O-O-O 17. b3 Nxb3+ 18. axb3 Rhf8 19. Rhf1 e4 20. Nd4
1-0

[Event "Let's Play Chess!"]
[Site "http://www.queenalice.com/game.php?id=63437"]
[Date "2006.4.15"]
[Round "-"]
[White "cidrolin"]
[Black "guinand"]
[Result "0-1"]
[WhiteElo "1488"]
[BlackElo "1430"]

1. e4 d5 2. exd5 Nf6 3. Bc4 Nxd5 4. Nc3 Nxc3 5. bxc3 e5 6. Qh5 g6 7. Qxe5+ Qe7
8. Nf3 Bg4 9. Qxe7+ Bxe7 10. Ne5 Be6 11. d3 Nd7 12. Bf4 Nxe5 13. Bxe5 O-O 14.
Bxe6 fxe6 15. Rb1 b6 16. Bxc7 Rf5 17. O-O Rc8 18. Bg3 Rxc3 19. Rb4 Bxb4 0-1

[Event "Let's Play Chess!"]
[Site "http://www.queenalice.com/game.php?id=63438"]
[Date "2006.4.15"]
[Round "-"]
[White "guinand"]
[Black "cidrolin"]
[Result "1-0"]
[WhiteElo "1375"]
[BlackElo "1503"]

1. d4 d5 2. c4 dxc4 3. Nc3 Nc6 4. Nf3 g6 5. e4 Bg7 6. Be3 Bg4 7. d5 Nb4 8. Bxc4
Bxf3 9. gxf3 e6 10. Qa4+ c6 11. Qxb4 exd5 12. O-O-O Qe7 13. Qxe7+ Kxe7 14. exd5
Nh6 15. Rhe1 Kd7 16. dxc6+ Kc7 17. Rd7+ Kxc6 18. Bb5# 1-0

[Event "Let's Play Chess!"]
[Site "http://www.queenalice.com/game.php?id=63439"]
[Date "2006.4.15"]
[Round "-"]
[White "cidrolin"]
[Black "topot"]
[Result "1-0"]
[WhiteElo "1444"]
[BlackElo "1438"]

1. e4 e5 2. Nf3 Nc6 3. Bc4 Nd4 4. Nxe5 Qg5 5. Ng4 d5 6. exd5 Bxg4 7. f3 Qh4+ 8.
Kf1 O-O-O 9. fxg4 Bc5 10. d3 Nb3 11. axb3 1-0

[Event "Let's Play Chess!"]
[Site "http://www.queenalice.com/game.php?id=63440"]
[Date "2006.4.15"]
[Round "-"]
[White "younghunjung"]
[Black "cidrolin"]
[Result "1-0"]
[WhiteElo "1082"]
[BlackElo "1427"]

1. e4 e5 2. Nf3 Nc6 3. d4 Bd6 4. d5 Nb4 5. a3 Na6 6. Nc3 Nf6 7. Bg5 h6 8. Bh4 g5
9. Bg3 Qe7 10. Bd3 c6 11. Bxa6 bxa6 12. O-O cxd5 13. Nxd5 Qd8 14. Nxf6+ Qxf6 15.
Qd5 Rb8 16. b4 Bf8 17. Bxe5 1-0

[Event "Challenge"]
[Site "http://www.queenalice.com/game.php?id=63541"]
[Date "2006.4.16"]
[Round "-"]
[White "cidrolin"]
[Black "Diego_Silveira"]
[Result "0-1"]
[WhiteElo "1427"]
[BlackElo "1514"]

1. d4 d5 2. Nc3 Nf6 3. Nf3 Bf5 4. Bf4 e6 5. e3 Bd6 6. Bb5+ c6 7. Ba4 b5 8. O-O
bxa4 9. Nxa4 O-O 10. Qd2 Ne4 11. Qe2 Bxf4 12. exf4 Qa5 13. b3 Nd7 14. Ng5 Nxg5
15. Qe3 Ne4 16. Nc5 Ndxc5 0-1

[Event "Challenge"]
[Site "http://www.queenalice.com/game.php?id=64302"]
[Date "2006.4.19"]
[Round "-"]
[White "rbaraldi"]
[Black "cidrolin"]
[Result "1-0"]
[WhiteElo "1470"]
[BlackElo "1480"]

1. e4 e5 2. Nf3 Nc6 3. d3 Nf6 4. Nc3 Bc5 5. a3 d6 6. Be2 Bg4 7. h3 Bxf3 8. Bxf3
Nd4 9. O-O g6 10. b4 Bb6 11. Nd5 O-O 12. c3 Nxf3+ 13. Qxf3 Nxd5 14. exd5 Qh4 15.
Kh2 g5 16. g3 Qh6 17. h4 gxh4 18. Bxh6 c5 19. Bxf8 1-0

[Event "Challenge"]
[Site "http://www.queenalice.com/game.php?id=65578"]
[Date "2006.4.25"]
[Round "-"]
[White "bm2099"]
[Black "cidrolin"]
[Result "1-0"]
[WhiteElo "1421"]
[BlackElo "1444"]

1. Nf3 Nc6 2. Nc3 e5 3. e4 Nf6 4. Bb5 Bc5 5. Qe2 Nb4 6. Ba4 O-O 7. Nxe5 d6 8.
Nd3 Bg4 9. f3 Bd7 10. e5 Re8 11. f4 Ng4 12. Nxc5 dxc5 13. a3 Nd5 14. Nxd5 Bxa4
15. Qc4 Bc6 16. Ne3 b5 17. Qxc5 Nxe3 18. Qxe3 Bxg2 19. Rg1 Bc6 20. d4 1-0

[Event "Let's Play Chess!"]
[Site "http://www.queenalice.com/game.php?id=601959"]
[Date "2009.6.12"]
[Round "-"]
[White "cidrolin"]
[Black "alterego"]
[Result "0-1"]
[WhiteElo "1370"]
[BlackElo "1775"]

1. d4 Nf6 2. Nf3 g6 3. Bf4 Bg7 4. e3 d5 5. Nc3 O-O 6. Bd3 Nc6 7. Ne5 Nb4 8. a3
Nxd3+ 9. cxd3 c6 10. O-O Qb6 11. b4 Bf5 12. Na4 Qc7 13. Nxg6 Qd8 14. Nxf8 Qxf8
15. Nc5 b5 16. e4 Bg4 17. f3 Bh5 18. g4 Bg6 19. e5 Ne8 20. Nd7 Bxe5 21. Nxf8
Bxf4 22. Nxg6 fxg6 23. Qe1 Bg5 24. Qe6+ Kg7 25. Qxd5 cxd5 26. Rac1 Bxc1 27. Rxc1
Kf6 28. Rc6+ Kg5 29. Rc5 Kf4 30. Kg2 Nf6 0-1